Report on the sulphur dusting of smallholdings in 1961 (Record no. 66775)

MARC details
000 -LEADER
fixed length control field 00390nam a2200133Ia 4500
100 ## - MAIN ENTRY--AUTHOR NAME
Personal name Dissanayake A B
245 #0 - TITLE STATEMENT
Title Report on the sulphur dusting of smallholdings in 1961
260 ## - PUBLICATION, DISTRIBUTION, ETC. (IMPRINT)
Name of publisher Rubber Research Institute of Ceylon Quarterly Journal
Year of publication 1961
300 ## - PHYSICAL DESCRIPTION
Number of Pages 83-90
650 ## - SUBJECT ADDED ENTRY--TOPICAL TERM
Topical Term Smallholdings
650 ## - SUBJECT ADDED ENTRY--TOPICAL TERM
Topical Term Sulphur dusting
942 ## - ADDED ENTRY ELEMENTS (KOHA)
Koha item type Journals
Holdings
Withdrawn status Lost status Damaged status Not for loan Home library Current library Shelving location Date acquired Serial Enumeration / chronology Koha item type
      Journals RRII Library RRII Library Pathology 17/12/2021 Volume 37, Issue 3 Journals